LIBRARY & INFORMATION CENTRE, KCAET, TAVANUR

ONLINE PUBLIC ACCESS CATALOGUE (OPAC)

Twenty thousand league under the sea / (Record no. 11542)

MARC details
000 -LEADER
fixed length control field 00372cam a2200145ua 4500
041 ## - LANGUAGE CODE
Language code of text/sound track or separate title eng
082 ## - DEWEY DECIMAL CLASSIFICATION NUMBER
Classification number 823.308
Item number JOH/TW
100 ## - MAIN ENTRY--AUTHOR NAME
Personal name John, Kennet .
245 ## - TITLE STATEMENT
Title Twenty thousand league under the sea /
260 ## - PUBLICATION, DISTRIBUTION, ETC. (IMPRINT)
Place of publication London :
Name of publisher Blackie & Son Ltd ,
Year of publication 1905.
300 ## - PHYSICAL DESCRIPTION
Number of Pages 106 ; .
942 ## - ADDED ENTRY ELEMENTS (KOHA)
Koha item type Books
Holdings
Withdrawn status Lost status Damaged status Home library Current library Date acquired Full call number Accession Number Koha item type
Withdrawn     KAUAET KAUAET 16/11/2023 823.308 JOH/TW 11142 Books
Withdrawn     KAUAET Malayalam University 07/04/2012 823.308 11089 Books
free website counter